South Eastern Kenya University

Library Online Public Access Catalogue


Basic math, algebra & geometry: (Record no. 12455)

MARC details
000 -LEADER
fixed length control field 00370nam a22001337a 4500
020 ## - INTERNATIONAL STANDARD BOOK NUMBER
International Standard Book Number 0536836493
050 ## - LIBRARY OF CONGRESS CALL NUMBER
Classification number QA107.2
Item number .C54 2004
100 ## - MAIN ENTRY--PERSONAL NAME
Personal name Cleaves, Cherly
245 ## - TITLE STATEMENT
Title Basic math, algebra & geometry:
Remainder of title with applications /
Statement of responsibility, etc. Cheryl Cleaves, Margie Hobbs
260 ## - PUBLICATION, DISTRIBUTION, ETC. (IMPRINT)
Place of publication, distribution, etc. New Jersey
Name of publisher, distributor, etc. Pearson
Date of publication, distribution, etc. 2004
300 ## - PHYSICAL DESCRIPTION
Field link and sequence number xvii,935 p.
650 ## - SUBJECT ADDED ENTRY--TOPICAL TERM
Topical term following geographic name as entry element Basic math
942 ## - ADDED ENTRY ELEMENTS (KOHA)
Source of classification or shelving scheme Library of Congress Classification
Koha item type General circulation
Holdings
Withdrawn status Lost status Source of classification or shelving scheme Damaged status Not for loan Home library Current library Shelving location Date acquired Total Checkouts Full call number Barcode Date last seen Price effective from Koha item type
    Library of Congress Classification     Kitui Town Campus Library Kitui Town Campus Library General Stacks 04/04/2016   QA107.2 .C54 2004 2016/010750 04/04/2016 04/04/2016 General circulation
Kitui, Kenya.
+254736116989
library@seku.ac.ke